| 000 | 00380nam a22001217a 4500 | ||
|---|---|---|---|
| 999 |
_c515798 _d515798 |
||
| 082 | _aTNC P62x54 N191 | ||
| 100 |
_aNatarajan, R. _921768 |
||
| 245 |
_aTechnical education, Vol. 1 : _bCurrent status and future directions _cby R. Natarajan |
||
| 260 |
_aHyderabad _bICFAI _c2005 |
||
| 300 | _a191p. | ||
| 650 |
_aEducation - India _921769 |
||
| 650 |
_aTechnical education - India _921770 |
||